000 00307nam a22001217a 4500
999 _c12111
_d12111
020 _a978-1-4987-8074-2
082 _a618.92
100 _aNicky Dummett
245 _aOvercoming Teenage low mood and depression a five areas approach
260 _aNew York
_bRoutlege
_c2019
300 _a250
942 _cBK